000
00309nam a2200121Ia 4500
008
150202s9999 xx 000 0 und d
050
_a
FIC
_b
FIC
100
_a
Uris, Leon
245
_a
QBV2 /
_c
Leon Uris.
260
_a
New York :
_b
Bantam Books,
_c
1970.
300
_a
425 pages :
_c
18 cm.
650
_a
Fiction.
999
_c
282464
_d
282464